[Event "Mar del Plata op 52nd"]
[Site "Mar del Plata"]
[Date "2023.04.04"]
[Round "5"]
[White "Rodriguez, Jorge Luis"]
[Black "Beroiz, Julian"]
[Result "1/2-1/2"]
[WhiteElo "2338"]
[BlackElo "2100"]
[PlyCount "63"]
[EventDate "2023.04.01"]
[EventType "swiss"]
[EventRounds "9"]
[EventCountry "ARG"]
[SourceTitle "CBM 213 Extra"]
[Source "ChessBase"]
[SourceDate "2023.05.31"]
[SourceVersion "1"]
[SourceVersionDate "2023.05.31"]
[SourceQuality "1"]

1. d4 Nf6 2. c4 e6 3. Nf3 d5 4. Nc3 dxc4 5. e3 a6 6. Bxc4 c5 7. 0-0 b5 8. Bd3 Bb7 9. Qe2 Nbd7 10. Rd1 Qb8 11. e4 cxd4 12. Nxd4 Bd6 13. h3 0-0 14. Bc2 Rd8 15. a3 Ne5 16. Bg5 Ng6 17. Nb3 Qc7 18. Rac1 Bh2+ 19. Kh1 Rxd1+ 20. Bxd1 Bf4 21. Bxf4 Qxf4 22. Bc2 Rd8 23. Re1 Ne5 24. Kg1 g5 25. Rd1 Rc8 26. g3 Qf3 27. Qxf3 Nxf3+ 28. Kg2 Ne5 29. Na5 Ba8 30. Rd6 Nc6 31. Nxc6 Bxc6 32. f3 1/2-1/2

[Event "Corrientes Mayor Rosarino op"]
[Site "Corrientes"]
[Date "2022.10.10"]
[Round "9"]
[White "Beroiz, Julian"]
[Black "Sanhueza, Cristian"]
[Result "1/2-1/2"]
[WhiteElo "2081"]
[BlackElo "2125"]
[PlyCount "60"]
[EventDate "2022.10.06"]
[EventType "swiss"]
[EventRounds "9"]
[EventCountry "ARG"]
[SourceTitle "CBM 210 Extra"]
[Source "ChessBase"]
[SourceDate "2022.11.30"]
[SourceVersion "1"]
[SourceVersionDate "2022.11.30"]
[SourceQuality "1"]

1. e4 e5 2. Nf3 Nc6 3. Bc4 Nf6 4. d3 Bc5 5. Nbd2 a6 6. h3 d6 7. a4 Be6 8. c3 d5 9. exd5 Bxd5 10. 0-0 0-0 11. Qe2 Re8 12. Ne4 Bxc4 13. dxc4 Nxe4 14. Qxe4 Qf6 15. b4 Bf8 16. Nh4 g6 17. Nf3 Bg7 18. Be3 Qe6 19. Rad1 f5 20. Qd5 e4 21. Ng5 Qxd5 22. cxd5 Nd8 23. c4 h6 24. Ne6 Nxe6 25. dxe6 Rad8 26. c5 g5 27. g3 Kf8 28. c6 bxc6 29. Bc5+ Kg8 30. e7 Rd5 1/2-1/2

[Event "ARG-ch sf 97th"]
[Site "Buenos Aires"]
[Date "2022.09.09"]
[Round "2"]
[White "Beroiz, Julian"]
[Black "Fiorito, Francisco"]
[Result "0-1"]
[WhiteElo "2085"]
[BlackElo "2291"]
[PlyCount "122"]
[EventDate "2022.09.08"]
[EventType "swiss"]
[EventRounds "9"]
[EventCountry "ARG"]
[SourceTitle "CBM 210 Extra"]
[Source "ChessBase"]
[SourceDate "2022.11.30"]
[SourceVersion "1"]
[SourceVersionDate "2022.11.30"]
[SourceQuality "1"]

1. e4 c5 2. Nf3 Nc6 3. c3 Nf6 4. e5 Nd5 5. d4 cxd4 6. cxd4 d6 7. Bc4 Nb6 8. Bb5 dxe5 9. Nxe5 Bd7 10. Nxd7 Qxd7 11. Nc3 e6 12. 0-0 Rd8 13. Be3 Be7 14. Qg4 0-0 15. Rfd1 f5 16. Qg3 Bd6 17. Bf4 Bxf4 18. Qxf4 Qd6 19. Qxd6 Rxd6 20. Bxc6 bxc6 21. Ne2 Nd5 22. Rdc1 Rb8 23. b3 Rb6 24. Rc4 Ra6 25. Kf1 Kf7 26. Ke1 g5 27. Nc1 Nb6 28. Rb4 Ra5 29. Nd3 Nd7 30. Ke2 Kf6 31. a4 Rad5 32. Rc1 Rxd4 33. Rxd4 Rxd4 34. Ke3 Rd6 35. a5 e5 36. Nc5 Ke7 37. g4 fxg4 38. Ne4 Rg6 39. b4 Nf6 40. Nxf6 Rxf6 41. b5 Kd7 42. Rc5 cxb5 43. Rxb5 Rf3+ 44. Ke2 Ke6 45. Rb7 Rh3 46. Rxa7 Rxh2 47. Ke3 g3 48. fxg3 Kf5 49. Kf3 e4+ 50. Ke3 Ra2 51. Rxh7 Rxa5 52. g4+ Kxg4 53. Kxe4 Kg3 54. Rg7 g4 55. Rg8 Ra3 56. Rg7 Kh3 57. Rh7+ Kg2 58. Rg7 g3 59. Rf7 Kg1 60. Rg7 g2 61. Rf7 Kh2 0-1

[Event "ARG-ch sf 97th"]
[Site "Buenos Aires"]
[Date "2022.09.08"]
[Round "1"]
[White "Isaac, Cristian"]
[Black "Beroiz, Julian"]
[Result "0-1"]
[WhiteElo "1342"]
[BlackElo "2085"]
[PlyCount "82"]
[EventDate "2022.09.08"]
[EventType "swiss"]
[EventRounds "9"]
[EventCountry "ARG"]
[SourceTitle "CBM 210 Extra"]
[Source "ChessBase"]
[SourceDate "2022.11.30"]
[SourceVersion "1"]
[SourceVersionDate "2022.11.30"]
[SourceQuality "1"]

1. e4 e5 2. Nf3 Nc6 3. Bc4 Nf6 4. d3 Be7 5. c3 0-0 6. 0-0 d5 7. exd5 Nxd5 8. Bb3 Nb6 9. Be3 Kh8 10. Bc2 f5 11. Re1 Nd5 12. Bc1 Bd6 13. Nbd2 Qf6 14. Nc4 Bd7 15. Bb3 Nb6 16. Bg5 Qg6 17. Nxd6 cxd6 18. Be3 Nc8 19. Bd2 e4 20. dxe4 fxe4 21. Ng5 Ne5 22. Bd5 Bc6 23. Bxe4 Bxe4 24. Rxe4 h6 25. Rh4 Ne7 26. Rh3 Rf6 27. Be3 Raf8 28. f3 Nc4 29. Bc1 d5 30. Qe2 Nf5 31. Kh1 Kg8 32. b3 Re8 33. Ne4 dxe4 34. Qxc4+ Kh8 35. fxe4 Rxe4 36. Qc8+ Re8 37. Qxe8+ Qxe8 38. Bd2 Qe2 39. Bf4 Rg6 40. g3 Qf3+ 41. Kg1 Qxf4 0-1

[Event "ARG-ch 96th"]
[Site "Buenos Aires"]
[Date "2022.06.10"]
[Round "9"]
[White "Villegas, Franco"]
[Black "Beroiz, Julian"]
[Result "1-0"]
[WhiteElo "2311"]
[BlackElo "2086"]
[PlyCount "91"]
[EventDate "2022.06.02"]
[EventType "swiss"]
[EventRounds "11"]
[EventCountry "ARG"]
[SourceTitle "CBM 208 Extra"]
[Source "ChessBase"]
[SourceDate "2022.07.31"]
[SourceVersion "1"]
[SourceVersionDate "2022.07.31"]
[SourceQuality "1"]

1. e4 e5 2. Nf3 Nc6 3. Bb5 a6 4. Ba4 d6 5. c3 f5 6. d4 fxe4 7. Nxe5 dxe5 8. Qh5+ Ke7 9. dxe5 g6 10. Qh4+ Kf7 11. Qxe4 Bf5 12. Qc4+ Be6 13. Qf4+ Kg7 14. 0-0 Be7 15. Be3 Qd3 16. Nd2 Qf5 17. Qg3 Qg4 18. Qxg4 Bxg4 19. Bxc6 bxc6 20. Nb3 Nh6 21. h3 Bc8 22. Na5 Nf5 23. Bf4 c5 24. Bh2 Be6 25. Rad1 Rhd8 26. Nc6 Rd7 27. g4 Nh4 28. Rxd7 Bxd7 29. Nxe7 Re8 30. Nd5 Bc6 31. Rd1 Nf3+ 32. Kg2 Nxh2 33. Kxh2 Rxe5 34. Ne3 Re8 35. Kg3 Rb8 36. Rd2 a5 37. Nc4 a4 38. Ne5 Be8 39. f4 a3 40. b3 Kg8 41. Nc4 Ra8 42. Rd5 Bf7 43. Rxc5 Bxc4 44. Rxc4 Rd8 45. Rd4 Re8 46. Kf2 1-0

[Event "ARG-ch 96th"]
[Site "Buenos Aires"]
[Date "2022.06.09"]
[Round "8"]
[White "Beroiz, Julian"]
[Black "Herrera, Martin"]
[Result "1-0"]
[WhiteElo "2086"]
[BlackElo "2213"]
[PlyCount "77"]
[EventDate "2022.06.02"]
[EventType "swiss"]
[EventRounds "11"]
[EventCountry "ARG"]
[SourceTitle "CBM 208 Extra"]
[Source "ChessBase"]
[SourceDate "2022.07.31"]
[SourceVersion "1"]
[SourceVersionDate "2022.07.31"]
[SourceQuality "1"]

1. e4 c5 2. Nf3 d6 3. d4 cxd4 4. Nxd4 Nf6 5. Nc3 a6 6. h3 e5 7. Nde2 h6 8. g4 Be6 9. Bg2 b5 10. 0-0 Nbd7 11. Be3 Nb6 12. Nd5 Bxd5 13. exd5 Rc8 14. c3 g6 15. b3 Bg7 16. Rc1 0-0 17. Ng3 e4 18. Nxe4 Nfxd5 19. Bd4 Be5 20. f4 Nxf4 21. Rxf4 f5 22. gxf5 gxf5 23. Rf1 Nd5 24. Bxe5 dxe5 25. Qxd5+ Qxd5 26. Nf6+ Rxf6 27. Bxd5+ Kg7 28. Kf2 Rd6 29. c4 Kf6 30. Ke3 Re8 31. Rc2 Rc8 32. Rcf2 f4+ 33. Ke4 bxc4 34. bxc4 Rb8 35. Rg2 Rb4 36. Rc1 Ra4 37. Rc3 Rd8 38. Rb2 Re8 39. Bc6 1-0

[Event "Timbues op"]
[Site "Timbues"]
[Date "2019.11.16"]
[Round "2"]
[White "Beroiz, Julian"]
[Black "Pierrot, Juan Facundo"]
[Result "0-1"]
[WhiteElo "2083"]
[BlackElo "2400"]
[PlyCount "80"]
[EventDate "2019.11.15"]
[EventType "swiss"]
[EventRounds "7"]
[EventCountry "ARG"]
[SourceTitle "CBM 193 Extra"]
[Source "ChessBase"]
[SourceDate "2020.01.31"]
[SourceVersion "1"]
[SourceVersionDate "2020.01.31"]
[SourceQuality "1"]

1. e4 d6 2. d4 Nf6 3. Nc3 g6 4. Nf3 Bg7 5. Be2 0-0 6. 0-0 Nc6 7. d5 Nb8 8. h3 c6 9. a4 Nbd7 10. Be3 Qc7 11. a5 Nc5 12. Nd2 cxd5 13. exd5 Bf5 14. Nc4 Nce4 15. Bd4 Nxc3 16. Bxc3 Be4 17. Ne3 e6 18. a6 Nxd5 19. Bxg7 Kxg7 20. Nxd5 Bxd5 21. c4 Bc6 22. b4 b6 23. b5 Bd7 24. Qd2 Rad8 25. Rfd1 Bc8 26. Qb2+ f6 27. Rac1 Qc5 28. Qd4 Qxd4 29. Rxd4 Kf7 30. Rcd1 Ke7 31. Bf3 e5 32. R4d2 Be6 33. Rc1 Rc8 34. Rdc2 Rc5 35. Bb7 Rd8 36. Kf1 Rd7 37. Ke2 Rdc7 38. Kd3 Bf5+ 39. Be4 Bxe4+ 40. Kxe4 d5+ 0-1

[Event "ARG-ch sf 94th"]
[Site "Buenos Aires"]
[Date "2019.04.06"]
[Round "8"]
[White "Borda Rodas, Anapaola S"]
[Black "Beroiz, Julian"]
[Result "1/2-1/2"]
[WhiteElo "2028"]
[BlackElo "2127"]
[PlyCount "104"]
[EventDate "2019.03.30"]
[EventType "swiss"]
[EventRounds "9"]
[EventCountry "ARG"]
[SourceTitle "CBM 189 Extra"]
[Source "ChessBase"]
[SourceDate "2019.06.03"]
[SourceVersion "1"]
[SourceVersionDate "2019.06.03"]
[SourceQuality "1"]

1. e4 e5 2. Nf3 Nc6 3. Bc4 Bc5 4. Nc3 Nf6 5. d3 h6 6. h3 d6 7. Na4 Bb6 8. a3 0-0 9. Nxb6 axb6 10. 0-0 Ne7 11. c3 Ng6 12. Re1 Qe7 13. Be3 Bd7 14. b4 b5 15. Bb3 Ra6 16. c4 Rfa8 17. Bc1 c5 18. Bb2 b6 19. cxb5 Bxb5 20. g3 Qd7 21. Kg2 Ne8 22. Ng1 Nc7 23. Ne2 Ne6 24. Nc3 Nef4+ 25. Kg1 Nxh3+ 26. Kf1 Nhf4 27. gxf4 Qh3+ 28. Ke2 Bxd3+ 29. Kd2 c4 30. Re3 Qh4 31. Qg1 exf4 32. Rxd3 Ne5 33. Bxc4 Nxc4+ 34. Kc2 Qf6 35. Qg4 Ne5 36. Qf5 Qxf5 37. exf5 Nxd3 38. Kxd3 g6 39. Rh1 h5 40. Rg1 Kh7 41. Nd5 b5 42. Nxf4 Rxa3+ 43. Bxa3 Rxa3+ 44. Ke4 Rb3 45. fxg6+ fxg6 46. Nxg6 Rxb4+ 47. Kd5 Rg4 48. Rxg4 hxg4 49. Nf4 Kh6 50. Nd3 Kg5 51. Ke4 g3 52. fxg3 Kg4 1/2-1/2

[Event "Villa Constitucion op"]
[Site "Villa Constitucion"]
[Date "2018.08.31"]
[Round "2"]
[White "Di Giannantonio, Nino"]
[Black "Beroiz, Julian"]
[Result "1/2-1/2"]
[WhiteElo "2415"]
[BlackElo "2093"]
[PlyCount "86"]
[EventDate "2018.08.31"]
[EventType "swiss"]
[EventRounds "6"]
[EventCountry "ARG"]
[SourceTitle "CBM 186 Extra"]
[Source "ChessBase"]
[SourceDate "2018.08.24"]
[SourceVersion "1"]
[SourceVersionDate "2018.08.24"]
[SourceQuality "1"]

1. e4 e5 2. Nc3 Nf6 3. Nf3 Nc6 4. Bb5 Bd6 5. 0-0 0-0 6. d3 h6 7. Be3 Re8 8. h3 a6 9. Ba4 b5 10. Bb3 Na5 11. Qd2 Nxb3 12. axb3 Bb7 13. Ne2 Bf8 14. c4 c6 15. Ng3 d5 16. Qe2 Nd7 17. Rac1 b4 18. Qc2 a5 19. Nh2 dxe4 20. dxe4 Nc5 21. Rfd1 Qc7 22. Nf3 Rad8 23. Rxd8 Rxd8 24. Bxc5 Bxc5 25. Rd1 f6 26. Nh4 Bc8 27. Qe2 Be6 28. Nhf5 Rxd1+ 29. Qxd1 Qd7 30. Qe2 Kh7 31. Ne3 Bd4 32. h4 Qa7 33. h5 Bxe3 34. fxe3 a4 35. bxa4 Qxa4 36. Nf5 Qa1+ 37. Kh2 Bxf5 38. exf5 b3 39. Qg4 Qxb2 40. Qg6+ Kg8 41. Qe8+ Kh7 42. Qg6+ Kg8 43. Qe8+ Kh7 1/2-1/2

[Event "Rosario 3rd"]
[Site "Rosario"]
[Date "2017.12.29"]
[Round "6"]
[White "Beroiz, Julian"]
[Black "Rodriguez Vila, Andres"]
[Result "0-1"]
[WhiteElo "2130"]
[BlackElo "2459"]
[PlyCount "128"]
[EventDate "2017.12.26"]
[EventType "tourn"]
[EventRounds "9"]
[EventCountry "ARG"]
[EventCategory "2"]
[SourceTitle "CBM 182 Extra"]
[Source "ChessBase"]
[SourceDate "2018.02.23"]
[SourceVersion "1"]
[SourceVersionDate "2018.02.23"]
[SourceQuality "1"]

1. e4 d6 2. d4 Nf6 3. Nc3 g6 4. Nf3 Bg7 5. Be2 0-0 6. 0-0 c6 7. Re1 b5 8. e5 Ne8 9. Bf4 d5 10. h3 Nd7 11. Qd2 f6 12. Bd3 a5 13. a4 b4 14. Na2 Ra7 15. Nc1 Nb6 16. Nb3 Nc4 17. Qc1 Qb6 18. e6 f5 19. Bh6 f4 20. Bxg7 Nxg7 21. Nc5 Qc7 22. c3 bxc3 23. Qxc3 Nd6 24. Rac1 Nb7 25. Nb3 Nd8 26. Ne5 f3 27. Nxc6 Nxc6 28. Qxc6 Qb8 29. Bb5 fxg2 30. Qxd5 Qf4 31. Qxg2 Nf5 32. Re4 Qh6 33. Qg4 Nd6 34. Qh4 Qxh4 35. Rxh4 Bxe6 36. Nc5 Bf5 37. Bc6 Rb8 38. b3 Rb4 39. Kh2 Kg7 40. Rg1 e5 41. Re1 exd4 42. Ne6+ Bxe6 43. Rxe6 Nf5 44. Rf4 d3 45. Rxb4 axb4 46. Re8 Nd4 47. Re3 Nxc6 48. Rxd3 Na5 49. Kg2 h5 50. Kf1 Kh6 51. Ke2 Rc7 52. Rd4 Rc2+ 53. Kf1 Nc6 54. Rd6 Rc3 55. h4 Na5 56. Rd5 Nxb3 57. Rb5 Rc1+ 58. Kg2 Rc4 59. a5 Nd4 60. Rb7 b3 61. a6 Ra4 62. a7 Nf5 63. Rxb3 Rxa7 64. Rb4 Rd7 0-1

[Event "Rosario 3rd"]
[Site "Rosario"]
[Date "2017.12.26"]
[Round "1"]
[White "Beroiz, Julian"]
[Black "Falcon, Benjamin"]
[Result "0-1"]
[WhiteElo "2130"]
[BlackElo "2116"]
[PlyCount "74"]
[EventDate "2017.12.26"]
[EventType "tourn"]
[EventRounds "9"]
[EventCountry "ARG"]
[EventCategory "2"]
[SourceTitle "CBM 182 Extra"]
[Source "ChessBase"]
[SourceDate "2018.02.23"]
[SourceVersion "1"]
[SourceVersionDate "2018.02.23"]
[SourceQuality "1"]

1. e4 c5 2. Nf3 d6 3. Bb5+ Nd7 4. c3 Ngf6 5. Qe2 a6 6. Ba4 e5 7. 0-0 Be7 8. d4 b5 9. Bc2 0-0 10. a4 Rb8 11. Rd1 Qc7 12. d5 c4 13. Nbd2 Nc5 14. Nf1 Bd7 15. axb5 axb5 16. Ng3 b4 17. Nd2 b3 18. Bb1 Rfc8 19. Ngf1 Na4 20. Ne3 Nb6 21. g4 g6 22. Rf1 h5 23. h3 hxg4 24. hxg4 Nh7 25. Kg2 Bg5 26. Rh1 Nf6 27. Ndf1 Nxg4 28. Bd2 Nxe3+ 29. Nxe3 Qd8 30. Rg1 Kf8 31. Kf1 Bf4 32. Ng2 Bxd2 33. Qxd2 Qf6 34. Qh6+ Ke7 35. Qe3 Na4 36. Qe2 Ra8 37. Qe1 Nxb2 0-1

[Event "ARG-ch sf 92nd"]
[Site "Buenos Aires"]
[Date "2017.07.15"]
[Round "6"]
[White "Benedetti, Julio"]
[Black "Beroiz, Julian"]
[Result "1-0"]
[WhiteElo "2377"]
[BlackElo "2096"]
[PlyCount "91"]
[EventDate "2017.07.10"]
[EventType "swiss"]
[EventRounds "9"]
[EventCountry "ARG"]
[SourceTitle "EXT 2018"]
[Source "ChessBase"]
[SourceDate "2017.10.13"]
[SourceVersion "1"]
[SourceVersionDate "2017.10.13"]
[SourceQuality "1"]

1. e4 e5 2. Nf3 Nc6 3. c3 d5 4. Qa4 dxe4 5. Nxe5 Qd5 6. Nxc6 bxc6 7. Bc4 Qd7 8. d3 exd3 9. 0-0 Bd6 10. Bxd3 Ne7 11. Qc2 h6 12. Nd2 0-0 13. Ne4 f5 14. Nd2 Ng6 15. Nf3 Qf7 16. Qa4 c5 17. Re1 Kh8 18. Bc4 Qf6 19. Bd5 Rb8 20. Re8 Ne7 21. Rxf8+ Qxf8 22. Bb3 Bb7 23. Qh4 Re8 24. Qh5 Bd5 25. Bd2 c4 26. Bc2 Bf7 27. Qh3 Be6 28. Re1 Bc8 29. Qh5 Kg8 30. Nd4 Qf7 31. Qxf7+ Kxf7 32. Ba4 Rd8 33. Bb5 c5 34. Bxc4+ Kf8 35. Nb3 Bb7 36. Be3 Nd5 37. Bxc5 Nb6 38. Be6 Bxc5 39. Nxc5 Be4 40. Nxe4 fxe4 41. g3 Rd2 42. b4 Na4 43. Rc1 Ke7 44. Bb3 Nb2 45. Re1 Kd6 46. Rxe4 1-0

[Event "ARG-ch sf 92nd"]
[Site "Buenos Aires"]
[Date "2017.07.15"]
[Round "7"]
[White "Beroiz, Julian"]
[Black "Cuevas, Alex"]
[Result "1/2-1/2"]
[WhiteElo "2096"]
[BlackElo "2284"]
[PlyCount "73"]
[EventDate "2017.07.10"]
[EventType "swiss"]
[EventRounds "9"]
[EventCountry "ARG"]
[SourceTitle "EXT 2018"]
[Source "ChessBase"]
[SourceDate "2017.10.13"]
[SourceVersion "1"]
[SourceVersionDate "2017.10.13"]
[SourceQuality "1"]

1. e4 c5 2. Nf3 e6 3. d4 cxd4 4. Nxd4 a6 5. Be2 Qc7 6. 0-0 Nf6 7. Nc3 d6 8. f4 Nbd7 9. Kh1 b6 10. Bf3 Bb7 11. Qe2 h5 12. Bd2 g6 13. Rae1 0-0-0 14. Nb3 Kb8 15. Be3 Be7 16. Nc1 h4 17. Nd3 Qc4 18. e5 Bxf3 19. Qxf3 Nh5 20. Qe4 d5 21. Qxc4 dxc4 22. Nf2 Nc5 23. Nfe4 Nxe4 24. Nxe4 Kc7 25. a4 Ng7 26. Kg1 Nf5 27. Bf2 h3 28. a5 bxa5 29. Ra1 hxg2 30. Kxg2 Rb8 31. Rfb1 g5 32. fxg5 Bxg5 33. Rxa5 Be3 34. Ra4 Kc6 35. Rxa6+ Kd5 36. Nc3+ Kxe5 37. Re1 1/2-1/2

[Event "Mar del Plata op 48th"]
[Site "Mar del Plata"]
[Date "2017.04.09"]
[Round "2"]
[White "Beroiz, Julian"]
[Black "Labollita, Martin"]
[Result "1/2-1/2"]
[WhiteElo "2060"]
[BlackElo "2394"]
[PlyCount "144"]
[EventDate "2017.04.08"]
[EventType "swiss"]
[EventRounds "9"]
[EventCountry "ARG"]
[SourceTitle "CBM 178 Extra"]
[Source "ChessBase"]
[SourceDate "2017.06.22"]
[SourceVersion "1"]
[SourceVersionDate "2017.06.22"]
[SourceQuality "1"]

1. e4 c5 2. Nf3 Nc6 3. Bb5 g6 4. Bxc6 bxc6 5. 0-0 Bg7 6. Re1 Nh6 7. d3 0-0 8. Nbd2 f6 9. c3 Nf7 10. d4 cxd4 11. cxd4 d5 12. b3 e5 13. dxe5 fxe5 14. Bb2 Qd6 15. Qe2 Re8 16. Rad1 Qe6 17. Nf1 a5 18. Ne3 Ba6 19. Qc2 d4 20. Nc4 Bxc4 21. bxc4 Bf8 22. Re2 Rab8 23. Ne1 Rb4 24. c5 Qxa2 25. Ra1 Qb3 26. Nd3 Qxc2 27. Rxc2 Rb3 28. Nc1 Rb5 29. Nd3 a4 30. Kf1 Ng5 31. f3 Ne6 32. Ba3 Rb3 33. Ke2 Nf4+ 34. Nxf4 exf4 35. Rd2 Re3+ 36. Kf2 Rxa3 37. Rxa3 Bxc5 38. Rad3 a3 39. Ra2 Bb4 40. Ke2 c5 41. Rb3 Rc8 42. Rc2 Kf7 43. Kd1 Ra8 44. Ra2 Ra5 45. Rd3 Ke6 46. Kc2 Ke5 47. Kb3 Ra6 48. Kc4 g5 49. h3 Ra7 50. Rb3 Rd7 51. Rd3 Rd8 52. Re2 h5 53. Ra2 Rd7 54. Rc2 Rg7 55. Re2 Ra7 56. Ra2 Rg7 57. Re2 Rb7 58. Rb3 Rd7 59. Rd3 Rg7 60. Rb3 Bc3 61. Rxa3 g4 62. hxg4 hxg4 63. fxg4 Rxg4 64. Rxc3 dxc3 65. Kxc3 Rg3+ 66. Kc4 Ra3 67. Rf2 Kxe4 68. Kxc5 Ra5+ 69. Kc4 Ra3 70. Re2+ Kf5 71. Kd4 Rb3 72. Re8 Rb4+ 1/2-1/2

[Event "Rosario Promesas Cup"]
[Site "Rosario"]
[Date "2017.01.31"]
[Round "1"]
[White "Beroiz, Julian"]
[Black "Piazza, Cristian"]
[Result "1-0"]
[WhiteElo "2018"]
[BlackElo "1967"]
[PlyCount "35"]
[EventDate "2017.01.31"]
[EventType "tourn"]
[EventRounds "9"]
[EventCountry "ARG"]
[SourceTitle "CBM 176 Extra"]
[Source "ChessBase"]
[SourceDate "2017.03.02"]
[SourceVersion "1"]
[SourceVersionDate "2017.03.02"]
[SourceQuality "1"]

1. e4 e5 2. Nf3 Nf6 3. Nc3 Nc6 4. Bb5 d6 5. 0-0 Be7 6. d3 Bg4 7. h3 Bh5 8. Nd5 0-0 9. g4 Nxg4 10. hxg4 Bxg4 11. Bxc6 bxc6 12. Ne3 Bg5 13. Nxg4 Bxc1 14. Rxc1 f5 15. exf5 Rxf5 16. Ne3 Rf4 17. Ng2 Rf5 18. Nfh4 1-0

[Event "Costanera Salto op 4th"]
[Site "Costanera"]
[Date "2016.05.07"]
[Round "3"]
[White "Beroiz, Julian"]
[Black "Spata, German"]
[Result "0-1"]
[WhiteElo "2025"]
[BlackElo "2238"]
[PlyCount "70"]
[EventDate "2016.05.06"]
[EventType "swiss"]
[EventRounds "6"]
[EventCountry "ARG"]
[SourceTitle "EXT 2017"]
[Source "ChessBase"]
[SourceDate "2016.10.25"]
[SourceVersion "1"]
[SourceVersionDate "2016.10.25"]
[SourceQuality "1"]

1. e4 e6 2. d4 d5 3. Nd2 dxe4 4. Nxe4 Bd7 5. Nf3 Bc6 6. Bd3 Bxe4 7. Bxe4 c6 8. c3 Nf6 9. Bc2 Be7 10. 0-0 0-0 11. Re1 Nbd7 12. Qd3 Re8 13. Bg5 g6 14. Rad1 Qc7 15. Bb3 Nd5 16. h4 Nf8 17. c4 Nb6 18. Qe4 Rad8 19. Bf4 Qc8 20. Ne5 Nbd7 21. h5 Nf6 22. Qf3 Nxh5 23. Bh6 f6 24. Ng4 f5 25. Ne3 Ng7 26. d5 Bc5 27. g4 Nd7 28. dxe6 Ne5 29. Qg3 Rxd1 30. Rxd1 Qxe6 31. Bxg7 f4 32. Qxf4 Kxg7 33. Qg3 Rf8 34. Nf5+ Kh8 35. Nh4 Bxf2+ 0-1